000
00291nam a22001217a 4500
008
181003b xxu||||| |||| 00| 0 eng d
041
_a
eng
080
_a
370
100
_a
49
101
_a
EDU
245
_a
Jugment And Decison Making In the Lob And World
_c
Kim.N.S
942
_2
udc
_c
BK
999
_c
48797
_d
48797